| 000 | 00371 a2200109 4500 | ||
|---|---|---|---|
| 020 | _a8120321537 | ||
| 082 | _a628.121 QAS | ||
| 100 | _aQasim, Syed R. | ||
| 245 |
_aWater Works Engineering Planning, Design and Operation/ _cSyed R. Qasim, Edward M. Motley, Guang Zhu |
||
| 260 |
_aNew Delhi : _bPrentice Hall of India, _c2000 |
||
| 300 |
_axvi, 844p. : _bill. ; _c25 cm |
||
| 650 | _aWater Works Engineering | ||
| 999 |
_c1663 _d1663 |
||